| 000 | 00732nam a2200205 i 4500 | ||
|---|---|---|---|
| 001 | 66104 | ||
| 003 | ES-MaACL | ||
| 005 | 20250802013157.0 | ||
| 007 | t| | ||
| 008 | 040127s1965 sp |||| | spa d | ||
| 100 | 1 |
_aGabriel y Galán, José María, _d1870-1905 _953158 |
|
| 245 | 1 | 0 |
_aObra inédita y olvidada de Gabriel y Galán / _cedición, estudio y notas de Ramón Esquer Torres. |
| 260 |
_aMadrid : _bC.S.I.C., _c1965. |
||
| 300 |
_a145 p. : _bretr. aut. ; _c25 cm. |
||
| 490 | 1 |
_aPublicaciones de la Revista de literatura ; _v1 |
|
| 700 | 1 |
_aEsquer Torres, Ramón. _947961 |
|
| 830 | 0 |
_aPublicaciones de la Revista de literatura ; _v1 _9187248 |
|
| 852 |
_aES-MaACL _jC-28073 |
||
| 999 |
_c66104 _d66104 |
||